000 00325pab a2200145 454500
008 180718b2001 xxu||||| |||| 00| 0 eng d
100 _aGill, K.P.S.
245 _aDe-legitimise terror as state policy
260 _c2001
300 _aP.6
362 _a17 Nov
650 _aTerrorism
773 _aPioneer
909 _a50999
999 _c50999
_d50999